Communications Systems And Networks (Record no. 23319)

000 -LEADER
fixed length control field 00275nam a22000977a 4500
008 - FIXED-LENGTH DATA ELEMENTS--GENERAL INFORMATION
fixed length control field 130408b xxu||||| |||| 00| 0 eng d
020 ## - INTERNATIONAL STANDARD BOOK NUMBER
International Standard Book Number 0764548999
Terms of availability Avalable
050 ## - LIBRARY OF CONGRESS CALL NUMBER
Classification number 621.382 HOR
Item number 002365
245 ## - TITLE STATEMENT
Title Communications Systems And Networks
Statement of responsibility, etc. Horak Ray
260 ## - PUBLICATION, DISTRIBUTION, ETC.
Place of publication, distribution, etc. USA
Name of publisher, distributor, etc. Wiley
Date of publication, distribution, etc. 2002
Holdings
Withdrawn status Lost status Source of classification or shelving scheme Damaged status Not for loan Collection code Permanent Location Current Location Shelving location Date acquired Total Checkouts Barcode Date last seen Price effective from Koha item type
      Damaged     School of Interdisciplinary Engineering and Sciences (SINES) School of Interdisciplinary Engineering and Sciences (SINES) General Stacks 04/08/2013   RCMS002365 04/08/2013 04/08/2013 Book
© 2023 Central Library, National University of Sciences and Technology. All Rights Reserved.